[Event "AUTO-INT-3167"]
[Site "http://www.queenalice.com/game.php?id=1437913"]
[Date "2016.8.26"]
[Round "1"]
[White "botafoguense"]
[Black "jgfmelo"]
[Result "0-1"]
[WhiteElo "1672"]
[BlackElo "1905"]

1. d3 e5 2. Nd2 d5 3. e3 Nc6 4. c3 Nf6 5. h3 d4 6. exd4 Bd6 7. Nb3 Be6 8. Be3 e4
9. Be2 Qe7 10. Qd2 Bxb3 11. axb3 Nd5 12. dxe4 Qxe4 13. Bf3 Qe6 14. Be4 Qxe4 15.
Nf3 Nxe3 16. Qxe3 Qxe3+ 17. fxe3 Bg3+ 18. Kd2 O-O-O 19. Ke2 Rd6 20. Rhd1 Re8 21.
d5 Ne5 22. Rxa7 Nxf3 23. gxf3 Ra6 24. Rxa6 bxa6 25. c4 Bf4 26. Rd3 Kb7 27. b4
Kb6 28. b3 f5 29. h4 h5 30. c5+ Kb5 31. d6 Kxb4 32. dxc7 Bxc7 33. c6 Re6 34. Rd7
Rxc6 35. Rxg7 Rc2+ 36. Kf1 Kxb3 37. Rg5 a5 38. Rxf5 a4 39. Rb5+ Ka2 40. Ke1 a3
41. Kd1 Rb2 42. Rc5 Bd8 43. Rc3 Bxh4 44. f4 Rb3 45. Kc2 Rxc3+ 46. Kxc3 Kb1 0-1

[Event "AUTO-ADV-3715"]
[Site "http://www.queenalice.com/game.php?id=1444909"]
[Date "2016.10.9"]
[Round "1"]
[White "flanny"]
[Black "botafoguense"]
[Result "1-0"]
[WhiteElo "1851"]
[BlackElo "1662"]

1. e4 e5 2. Qh5 Bd6 3. Bc4 g6 4. Qf3 Nf6 5. d4 Bb4+ 6. c3 Be7 7. dxe5 d5 8. exd5
Nh5 9. d6 Be6 10. dxe7 Qxe7 11. Bxe6 Qxe6 12. Qxb7 Qc6 13. Qc8+ Ke7 14. Bg5+ f6
15. exf6+ Nxf6 16. Qxh8 Nd7 17. Qg7+ Ke6 18. Nf3 Qe4+ 19. Be3 Rg8 20. Ng5+ Kd5
21. Qf7+ Kc6 22. Nxe4 Rf8 23. Qc4+ Kb7 24. O-O Ng8 25. Rd1 Rd8 26. Bf4 c6 27.
Nd6+ Kc7 28. Nf7+ Kc8 29. Qa6# 1-0

[Event "AUTO-ADV-3715"]
[Site "http://www.queenalice.com/game.php?id=1444910"]
[Date "2016.10.9"]
[Round "1"]
[White "botafoguense"]
[Black "flanny"]
[Result "0-1"]
[WhiteElo "1654"]
[BlackElo "1859"]

1. d4 d5 2. Nd2 Bg4 3. Nb3 Nf6 4. Bf4 e6 5. f3 Bf5 6. Qd2 Nc6 7. O-O-O Bb4 8. c3
Ba5 9. e3 Qe7 10. Bb5 O-O 11. h3 a6 12. Bxc6 bxc6 13. Nxa5 Qd7 14. Be5 Nh5 15.
g4 Ng3 16. Bxg3 Bg6 17. Qe2 c5 18. dxc5 Qa4 19. b4 d4 20. Rxd4 h5 21. e4 hxg4
22. hxg4 Rfe8 23. b5 Qxa5 24. Kb2 axb5 25. Ka1 f6 26. Rb4 Reb8 27. Nh3 Bf7 28.
Qb2 e5 29. Rh2 Rd8 30. Rh1 Bxa2 31. Rxb5 Qa6 32. Qb4 Bc4+ 33. Ra5 Qxa5+ 34. Qxa5
Rxa5+ 35. Kb2 Ra2+ 36. Kb1 Rb8+ 37. Kc1 Ra1+ 38. Kd2 Rxh1 39. Nf2 Rb2+ 40. Ke3
Re1# 0-1

[Event "AUTO-ADV-3715"]
[Site "http://www.queenalice.com/game.php?id=1444923"]
[Date "2016.10.9"]
[Round "1"]
[White "Danimunte"]
[Black "botafoguense"]
[Result "0-1"]
[WhiteElo "1691"]
[BlackElo "1646"]

1. d4 d5 2. Nf3 f6 3. c4 dxc4 4. e4 Bg4 5. Be2 b5 6. O-O Qd7 7. Nc3 c6 8. e5 Be6
9. b3 h6 10. d5 cxd5 11. bxc4 bxc4 12. Be3 f5 13. Qd2 Bf7 14. Qd4 e6 15. Rad1
Ne7 16. Bxc4 Nbc6 17. Qd2 Rd8 18. Rb1 dxc4 19. Qe2 Qd3 20. Qb2 Nd5 21. Na4 Be7
22. Bc5 O-O 23. Rbd1 Qe4 24. Bxe7 Rb8 25. Qa3 Rfe8 26. Bh4 Nxe5 27. Nxe5 Qxh4
28. Nc5 Qe7 29. Nc6 Qd6 30. Nxb8 Qxb8 31. Nd7 Qc7 32. Nc5 Qd6 33. Qa5 Re7 34.
Na4 Rd7 35. Rb1 Qc6 36. Rfc1 Rc7 37. Rb8+ Kh7 38. Nc3 Qd7 39. Nb5 Rb7 40. Rxb7
Qxb7 41. h3 Nf4 42. f3 Ne2+ 43. Kh2 Nxc1 44. Nd6 Qb8 45. Qa3 Nd3 46. g3 Qb2+ 47.
Qxb2 Nxb2 48. Nxf7 c3 49. Ne5 c2 50. Nc4 Nxc4 51. Kg2 c1=Q 52. h4 Qd2+ 53. Kh3
Ne3 54. h5 Qg2+ 55. Kh4 g5+ 56. hxg6+ Kxg6 0-1

[Event "AUTO-ADV-3715"]
[Site "http://www.queenalice.com/game.php?id=1444924"]
[Date "2016.10.9"]
[Round "1"]
[White "botafoguense"]
[Black "Danimunte"]
[Result "1-0"]
[WhiteElo "1674"]
[BlackElo "1697"]

1. d4 d5 2. Nd2 Nc6 3. c3 e5 4. Qc2 f5 5. Nb3 Nf6 6. f3 e4 7. Be3 Bd7 8. Bf4 Nh5
9. Be3 Qe7 10. O-O-O f4 11. Bf2 Bf5 12. g4 fxg3 13. hxg3 Nf6 14. Nh3 O-O-O 15.
Be3 h6 16. g4 Bd7 17. g5 Nh5 18. fxe4 Ng3 19. Rh2 dxe4 20. Bf2 Nf5 21. Rg2 h5
22. e3 g6 23. Nf4 h4 24. Nd5 Qf7 25. Qxe4 h3 26. Rh2 Bd6 27. Rh1 Rde8 28. Qf3 h2
29. Bc4 Nb4 30. Nb6+ cxb6 31. Bxf7 Ref8 32. Bxg6 Ne7 33. Qe2 Nbd5 34. Qc4+ Bc6
35. Be4 b5 36. Qe2 Rfg8 37. Qg4+ Bd7 38. Qg2 Bc6 39. Qg4+ Bd7 40. Bxd5 Bxg4 41.
Bxg8 Bxd1 42. Be6+ Kc7 43. Kxd1 Ng6 44. Nd2 b4 45. c4 Rf8 46. Ke1 Re8 47. d5 Ne5
48. Bg3 Nd3+ 49. Ke2 Ne5 50. Bxh2 Rf8 51. Bf4 a5 52. Rh7+ Kb6 53. b3 Ka6 54. Ne4
Bb8 55. Nc5+ Ka7 56. Nxb7 Ng6 57. Nxa5+ Ka6 58. Bxb8 Rxb8 59. Nc6 Re8 60. Ra7+
Kb6 61. Kd3 Nf8 62. Bf7 Rc8 63. Ra4 Nh7 64. Rxb4+ Kc7 65. g6 Nf6 66. Rb5 Ng4 67.
Kd4 Rh8 68. Rc5 Rh4 69. Ne5+ Kb6 70. Nxg4 Rxg4+ 71. e4 1-0

[Event "AUTO-ADV-3715"]
[Site "http://www.queenalice.com/game.php?id=1444931"]
[Date "2016.10.9"]
[Round "1"]
[White "josebaron"]
[Black "botafoguense"]
[Result "1-0"]
[WhiteElo "1942"]
[BlackElo "1669"]

1. e4 d6 2. Bc4 e6 3. Nc3 Bd7 4. Nf3 f6 5. O-O Qe7 6. d4 e5 7. dxe5 dxe5 8. Nd5
Qd6 9. a4 c6 10. Ne3 Nh6 11. c3 Bg4 12. h3 Bh5 13. g4 Bg6 14. Nf5 Qc5 15. b3 Nd7
16. Be6 Rd8 17. Bxh6 gxh6 18. Qc2 Nb8 19. b4 Qb6 20. Rfd1 Bf7 21. Rxd8+ Qxd8 22.
Rd1 Qc7 23. Qb3 h5 24. g5 Rg8 25. h4 fxg5 26. Nxg5 Bg7 27. Bxf7+ Kf8 28. Nxh7#
1-0

[Event "AUTO-ADV-3715"]
[Site "http://www.queenalice.com/game.php?id=1444932"]
[Date "2016.10.9"]
[Round "1"]
[White "botafoguense"]
[Black "josebaron"]
[Result "0-1"]
[WhiteElo "1664"]
[BlackElo "2034"]

1. d4 d5 2. Nd2 Nf6 3. f3 e6 4. Nb3 Be7 5. Bd2 O-O 6. e3 Nbd7 7. Qe2 h6 8. O-O-O
a6 9. Ba5 b6 10. Bc3 c5 11. Kb1 c4 12. Nc1 b5 13. Qd2 a5 14. b4 axb4 15. Bxb4
Bxb4 16. c3 Be7 17. Qf2 Qa5 18. Qc2 Ba3 19. Nge2 b4 20. Rd2 bxc3 21. Nxc3 Qb4+
22. Ka1 Bb7 23. g3 Rfb8 24. Bg2 Bc6 25. N1e2 Ba4 26. Rb1 Bxc2 27. Rxb4 Bxb4 28.
Rxc2 Ra6 29. Rb2 Bxc3 30. Nxc3 Rxb2 31. Kxb2 Nb6 32. a3 Nfd7 33. e4 dxe4 34.
fxe4 Na4+ 35. Nxa4 Rxa4 36. e5 Nb6 37. Bc6 Ra5 38. h4 c3+ 39. Kxc3 Rxa3+ 40. Kb4
Rxg3 41. Ka5 Nc8 42. d5 Ne7 43. dxe6 Nxc6+ 44. Kb5 Nxe5 45. e7 Rb3+ 46. Kc5 Rb8
47. Kd6 Re8 48. Kxe5 Rxe7+ 49. Kf5 g6+ 50. Kf6 Re6# 0-1

[Event "AUTO-INT-3195"]
[Site "http://www.queenalice.com/game.php?id=1451083"]
[Date "2016.11.20"]
[Round "1"]
[White "pergaminos"]
[Black "botafoguense"]
[Result "1-0"]
[WhiteElo "1752"]
[BlackElo "1614"]

1. d4 d6 2. e4 e6 3. Nc3 c6 4. Nf3 Be7 5. Bd3 Bf6 6. Be3 Ne7 7. O-O g6 8. e5
dxe5 9. dxe5 Bg7 10. Bg5 Qc7 11. Re1 h6 12. Bd2 Nd7 13. Bf4 f5 14. exf6 Nxf6 15.
Bxc7 Ned5 16. Be5 O-O 17. Nxd5 exd5 18. Bxg6 Ng4 19. Bxg7 Kxg7 20. Bh5 Bd7 21.
Qd4+ Nf6 22. Re7+ Kg8 23. Ne5 Be8 24. Ng6 Bxg6 25. Bxg6 Rad8 26. Rae1 b6 27.
Bh7+ Kh8 28. R1e6 1-0

[Event "AUTO-INT-3195"]
[Site "http://www.queenalice.com/game.php?id=1451084"]
[Date "2016.11.20"]
[Round "1"]
[White "botafoguense"]
[Black "pergaminos"]
[Result "0-1"]
[WhiteElo "1604"]
[BlackElo "1762"]

1. d3 d6 2. Nd2 e5 3. Nb3 Be6 4. Be3 Nf6 5. f3 Nc6 6. Qd2 d5 7. O-O-O Bb4 8. c3
Ba5 9. Bc5 d4 10. Nxa5 Nxa5 11. Qc2 Bxa2 12. Qa4+ Nc6 13. Qxa2 b6 14. Ba3 Ne7
15. Qb3 O-O 16. Rd2 c5 17. c4 Nc6 18. e4 dxe3 19. Re2 Nd4 20. Qa2 Nxe2+ 21. Bxe2
Re8 22. Qb3 Nh5 23. Nh3 Nf4 24. Nxf4 exf4 25. Qc3 a5 26. Rd1 Qc7 27. d4 Rad8 0-1

[Event "AUTO-INT-3195"]
[Site "http://www.queenalice.com/game.php?id=1451097"]
[Date "2016.11.20"]
[Round "1"]
[White "ismaelfln"]
[Black "botafoguense"]
[Result "0-1"]
[WhiteElo "1504"]
[BlackElo "1664"]

1. e4 e5 2. Nf3 d6 3. Bb5+ Bd7 4. Bc4 h6 5. O-O Ne7 6. b4 Ng6 7. b5 b6 8. d4 Bg4
9. d5 Nh4 10. Be2 Nxf3+ 11. Bxf3 Bd7 12. a4 a5 13. Nc3 Qf6 14. Na2 g6 15. c4 c5
16. dxc6 Nxc6 17. bxc6 Bxc6 18. Nc3 Bg7 19. Qxd6 Qxd6 20. Ba3 Qd4 21. Rfc1 Qxc4
22. Nb5 Bxb5 23. Rxc4 Bxc4 24. Rc1 Rc8 25. Bg4 Rc6 26. Rd1 Be6 27. Bxe6 fxe6 28.
h4 Bf6 29. g3 Be7 30. Bxe7 Kxe7 31. Kg2 Rc4 32. f3 Rxa4 33. Rc1 Kd6 34. Rb1 Kc7
35. Rc1+ Kb7 36. g4 Rd8 37. Kg3 Rd3 38. g5 h5 39. Re1 Raa3 40. Rf1 Re3 41. Rf2
Rxe4 42. Ra2 Rg4+ 0-1

[Event "AUTO-INT-3195"]
[Site "http://www.queenalice.com/game.php?id=1451098"]
[Date "2016.11.20"]
[Round "1"]
[White "botafoguense"]
[Black "ismaelfln"]
[Result "1-0"]
[WhiteElo "1674"]
[BlackElo "1569"]

1. d3 e5 2. Nd2 Nf6 3. e4 Bc5 4. Qe2 d6 5. Nb3 O-O 6. Bd2 Ng4 7. Be3 Bxe3 8.
fxe3 c6 9. h3 Nf6 10. O-O-O d5 11. g3 dxe4 12. dxe4 Bd7 13. Bg2 Qe7 14. Qd3 Rd8
15. Rd2 Na6 16. Nf3 Bxh3 17. Qe2 Rxd2 18. Nfxd2 Bxg2 19. Qxg2 Ng4 20. Qe2 Nf6
21. Qf3 Nb4 22. Kb1 a5 23. g4 b6 24. c3 Nd3 25. Qf5 g6 26. Qf1 Nc5 27. Nxc5 bxc5
28. Qh3 Qe6 29. Qh4 Kf8 30. g5 Qg4 31. gxf6 Qxh4 32. Rxh4 Kg8 33. Nc4 h5 34.
Nxe5 Rc8 35. Nc4 Rd8 36. Kc2 a4 37. a3 Kh7 38. e5 Kh6 39. Nd6 Rd7 40. Rxa4 g5
41. Rc4 h4 42. Rxc5 h3 43. Rc4 Kh5 44. Rd4 h2 45. Rd1 g4 46. Rh1 g3 47. Nf5 Kg4
48. Nxg3 Kxg3 49. a4 Kg2 50. Rxh2+ Kxh2 51. b4 Kg3 52. b5 cxb5 53. axb5 Kf3 54.
c4 Kxe3 55. Kc3 Ke4 56. Kb4 Kxe5 57. b6 Kxf6 58. c5 Rb7 59. Kb5 Ke6 60. Kc6 Rb8
61. b7 Ke7 62. Kc7 Rd8 63. c6 f5 64. b8=Q Rxb8 65. Kxb8 Kd8 66. c7+ Kd7 67.
c8=Q+ Kd6 68. Qxf5 Kc6 69. Kc8 Kb6 70. Qd5 Ka7 71. Qb5 Ka8 72. Qb7# 1-0

[Event "AUTO-INT-3195"]
[Site "http://www.queenalice.com/game.php?id=1451105"]
[Date "2016.11.20"]
[Round "1"]
[White "a3035"]
[Black "botafoguense"]
[Result "1-0"]
[WhiteElo "1587"]
[BlackElo "1594"]

1. e4 d6 2. Nc3 c6 3. d4 g6 4. Bc4 Nd7 5. Nf3 h6 6. Bf4 f6 7. Qd2 Nb6 8. O-O
Nxc4 9. Qc1 e5 10. Bg3 h5 11. b3 Nb6 12. dxe5 dxe5 13. Qd1 Bd6 14. Nh4 Ne7 15.
a4 Bg4 16. f3 Be6 17. f4 Qc7 18. f5 gxf5 19. exf5 Bc5+ 20. Bf2 Bxf2+ 21. Rxf2
Bf7 22. Ne4 Nbd5 23. g3 Rg8 24. Re2 Rd8 25. Qc1 Qb6+ 26. Kg2 Nf4+ 27. Kf3 Nxe2
28. Kxe2 Nd5 29. Qh6 c5 30. Rd1 Qc6 31. Rd3 Nb4 32. Rxd8+ Kxd8 33. Nxf6 Nd5 34.
Nxg8 Qxh6 35. Nxh6 Be8 36. Nf3 e4 37. Ng5 b6 38. Nxe4 b5 39. Nxc5 bxa4 40. bxa4
a6 41. a5 Bb5+ 42. Kf3 Nf6 43. Kf4 Ke7 44. Kg5 Be2 45. h3 Nh7+ 46. Kg6 Nf8+ 47.
Kg7 Bb5 48. Ng8+ Ke8 49. Nf6+ Ke7 50. Nxh5 Bc4 51. h4 Nd7 52. Ne4 Bd3 53. f6+
Nxf6 54. Nhxf6 Bxc2 55. h5 Bd3 56. h6 1-0

[Event "AUTO-INT-3195"]
[Site "http://www.queenalice.com/game.php?id=1451106"]
[Date "2016.11.20"]
[Round "1"]
[White "botafoguense"]
[Black "a3035"]
[Result "0-1"]
[WhiteElo "1691"]
[BlackElo "1664"]

1. d3 e5 2. Be3 d6 3. Nd2 Nf6 4. f3 Nc6 5. c3 d5 6. Qc2 Be6 7. d4 exd4 8. cxd4
Be7 9. Bf2 O-O 10. e3 Nb4 11. Qb3 Bf5 12. a3 Nc2+ 13. Ke2 Nxa1 14. e4 Nxb3 15.
Nxb3 dxe4 16. Be3 exf3+ 17. gxf3 Qd5 18. Nd2 Qa2 19. Kf2 Qxb2 20. Ne2 Qxa3 21.
Bg2 Qa6 22. Re1 Bb4 23. Nf4 Qa5 24. Nc4 Qa2+ 25. Re2 Qxc4 26. Kg3 Bd6 27. Bf1
Bxf4+ 28. Kxf4 Bd3 29. Re1 Bxf1 30. Rc1 Qd3 31. Rc5 c6 32. Re5 Nd5+ 33. Kg3 Qg6+
34. Kh4 Nxe3 35. Rxe3 Rae8 0-1

[Event "AUTO-ADV-3735"]
[Site "http://www.queenalice.com/game.php?id=1451134"]
[Date "2016.11.20"]
[Round "1"]
[White "Tavinho92"]
[Black "botafoguense"]
[Result "0-1"]
[WhiteElo "1714"]
[BlackElo "1656"]

1. e4 d6 2. d4 e6 3. Nf3 f6 4. Nc3 a6 5. Bd3 Ne7 6. Bf4 Bd7 7. e5 d5 8. exf6
gxf6 9. Ne5 Bg7 10. Qh5+ Ng6 11. Bxg6+ Ke7 12. Bxh7 Be8 13. Qh4 Nc6 14. Nxc6+
bxc6 15. O-O Bg6 16. Bh6 Rxh7 17. Qg4 Rxh6 18. Ne2 Qd6 19. Nf4 Kf7 20. Rfe1 Bf5
21. Qf3 Rh4 22. g3 Bg4 23. Qe3 Rh6 24. f3 Bf5 25. c3 Re8 26. h4 e5 27. dxe5 Rxe5
28. Qd2 Qc5+ 29. Kg2 Bf8 30. g4 Rxh4 31. Kg3 Rh7 32. gxf5 Rxf5 33. Nh3 Rg7+ 34.
Kh2 Bd6+ 35. f4 Bxf4+ 36. Nxf4 Rh7+ 37. Kg3 Rg5+ 38. Kf3 Rhg7 39. Ke2 Rg2+ 40.
Nxg2 Rxg2+ 41. Kd1 Rxd2+ 42. Kxd2 d4 43. cxd4 Qxd4+ 44. Kc2 Qc5+ 45. Kd2 Qf2+
46. Kd1 Qxb2 47. Rc1 Qd4+ 48. Kc2 c5 49. Red1 Qc4+ 50. Kb1 Qb4+ 51. Ka1 Qb5 52.
Rb1 Qc6 53. Rb3 c4 54. Rc3 a5 55. Rd4 Qh1+ 56. Kb2 Qb7+ 57. Kc2 Qg2+ 58. Kd1
Qf1+ 59. Kc2 Qe2+ 60. Rd2 Qe4+ 61. Kb2 Qe5 62. Rc2 f5 63. Kb1 f4 64. Rxc4 Ke7
65. Rxc7+ Kf6 66. R7c6+ Ke7 67. R6c5 Qb8+ 68. Ka1 Kf6 69. Rxa5 Qb6 70. Rac5 Qd6
71. Rh5 Qd1+ 72. Kb2 Qxh5 73. a4 Qd5 74. Ka3 Qd6+ 75. Kb3 f3 76. a5 Qd5+ 77. Ka4
Qd4+ 78. Kb3 f2 79. Rxf2+ Qxf2 80. Kb4 Qa7 81. Kb5 Ke6 82. a6 Kd6 83. Ka5 Kc6
0-1

[Event "AUTO-ADV-3735"]
[Site "http://www.queenalice.com/game.php?id=1451135"]
[Date "2016.11.20"]
[Round "1"]
[White "botafoguense"]
[Black "Tavinho92"]
[Result "0-1"]
[WhiteElo "1668"]
[BlackElo "1758"]

1. d3 d5 2. d4 Nc6 3. c3 Nf6 4. f3 Bf5 5. Nd2 e5 6. Nb3 exd4 7. Nxd4 Nxd4 8.
Qxd4 b6 9. Qe5+ Be6 10. Nh3 Bd6 11. Qe3 O-O 12. g3 Qd7 13. Bg2 Rad8 14. Nf2 Bc5
15. Qd3 Bxf2+ 16. Kxf2 Bf5 17. e4 dxe4 18. Qe3 exf3 19. Bxf3 Be4 20. Rd1 Qh3 21.
Rxd8 Qxh2+ 22. Kf1 Qh3+ 23. Kf2 Rxd8 24. Bxe4 Ng4+ 25. Kf3 Nxe3 26. Bxe3 Qh5+
27. Kf2 f5 28. Bf3 Qh2+ 29. Bg2 Qh5 30. Rh1 Qg6 31. Bf4 Qe6 32. b3 h6 33. c4 g5
34. Bd5 Qxd5 35. cxd5 gxf4 36. Rxh6 fxg3+ 37. Kxg3 Rxd5 38. Rc6 Rd7 39. Kf4 Rf7
40. a4 a5 41. Rg6+ Kf8 42. Re6 Re7 43. Rf6+ Rf7 44. Rxf5 Rxf5+ 45. Kxf5 Ke7 46.
Ke5 c6 47. Kd4 Kd6 48. Kc4 Kc7 49. b4 axb4 50. Kxb4 Kb7 51. a5 b5 52. Kc5 Ka6
53. Kb4 c5+ 54. Kxc5 Kxa5 55. Kd4 b4 56. Kd3 Ka4 57. Kc2 b3+ 58. Kb2 Kb4 59. Kc1
Kc3 60. Kb1 b2 61. Ka2 Kc2 0-1

[Event "AUTO-ADV-3735"]
[Site "http://www.queenalice.com/game.php?id=1451150"]
[Date "2016.11.20"]
[Round "1"]
[White "botafoguense"]
[Black "mauricio_sm"]
[Result "0-1"]
[WhiteElo "1674"]
[BlackElo "1933"]

1. d3 e5 2. Be3 d5 3. f3 Nf6 4. Nd2 Nc6 5. Nb3 d4 6. Bf2 Bb4+ 7. Nd2 O-O 8. a3
Ba5 9. e4 dxe3 10. Bxe3 Re8 11. b4 Bb6 12. Nc4 Be6 13. Bd2 Qd4 14. Ne3 Nd5 15.
Qc1 Nxe3 16. Bxe3 Qxe3+ 17. Qxe3 Bxe3 18. Ne2 Nd4 19. Rc1 Bxc1 20. Nxc1 Nxc2+
21. Kf2 Nxa3 22. Be2 Nc2 23. b5 Nd4 24. Re1 Nxe2 25. Rxe2 Bd7 26. Rb2 f5 27. g3
e4 28. f4 exd3 29. Nxd3 Rad8 30. Ne1 c6 31. b6 a6 32. Rb3 Be6 33. Re3 Bd5 34.
Rc3 Re4 35. Rd3 Rde8 36. Nf3 Re2+ 37. Kg1 Bxf3 38. Rxf3 R8e3 39. Rxe3 Rxe3 40.
Kf2 Re4 41. Kf3 c5 42. g4 g6 43. h3 c4 44. gxf5 gxf5 45. h4 c3 0-1

[Event "AUTO-ADV-3735"]
[Site "http://www.queenalice.com/game.php?id=1451151"]
[Date "2016.11.20"]
[Round "1"]
[White "mauricio_sm"]
[Black "botafoguense"]
[Result "1-0"]
[WhiteElo "1962"]
[BlackElo "1686"]

1. e4 e5 2. Nf3 Bd6 3. Bc4 Qf6 4. Nc3 c6 5. d3 Bc5 6. Bg5 Qd6 7. O-O h6 8. Be3
Bd4 9. Bxd4 exd4 10. Ne2 c5 11. a3 Nf6 12. e5 Qb6 13. exf6 Qxf6 14. Ng3 O-O 15.
Ne4 Qb6 16. Bb3 d6 17. Nfd2 Nd7 18. Nc4 Qc7 19. Ncxd6 Ne5 20. f4 Ng6 21. Qd2 b5
22. Nxb5 Qc6 23. a4 Be6 24. Bxe6 fxe6 25. c3 a6 26. Nbd6 Qd5 27. Qe2 Nxf4 28.
Qd2 e5 29. Nc4 Ra7 30. Qf2 Nh3+ 31. gxh3 Rxf2 32. Rxf2 dxc3 33. bxc3 Qxd3 34.
Ncd6 Qxh3 35. Raf1 Ra8 36. Rf3 Qe6 37. Rg3 Rf8 38. Rd1 Rf4 39. Nxc5 Qf6 40. Ne8
Qf8 41. Rd8 Rf1+ 42. Kg2 Qf2+ 43. Kh3 g5 44. Nf6+ Kf7 45. Ncd7 Qf5+ 46. Ng4 Ke7
47. Rf8 Qb1 48. Rb8 Qe4 49. Rh8 Kxd7 50. Rxh6 Rf3 51. Rf6 Rf4 52. Rxf4 exf4 53.
Nf6+ Kc6 54. Nxe4 fxg3 55. hxg3 1-0

[Event "AUTO-ADV-3735"]
[Site "http://www.queenalice.com/game.php?id=1451152"]
[Date "2016.11.20"]
[Round "1"]
[White "botafoguense"]
[Black "vincenzo"]
[Result "0-1"]
[WhiteElo "1669"]
[BlackElo "1776"]

1. d3 d5 2. d4 e6 3. Nd2 Nc6 4. c3 Nf6 5. f3 Be7 6. Nh3 O-O 7. Nb3 e5 8. Be3 e4
9. Nf2 Bf5 10. Qd2 a5 11. f4 a4 12. Nc1 b5 13. b4 axb3 14. a3 Rxa3 15. Rb1 Qa8
16. Nxb3 Na5 17. Qc2 Nxb3 18. Rxb3 Rxb3 19. Qxb3 Qa1+ 20. Nd1 Ng4 21. Kd2 Ba3
22. h3 Bc1+ 23. Kc2 Bxe3 24. hxg4 Qc1# 0-1

[Event "AUTO-ADV-3735"]
[Site "http://www.queenalice.com/game.php?id=1451153"]
[Date "2016.11.20"]
[Round "1"]
[White "vincenzo"]
[Black "botafoguense"]
[Result "1-0"]
[WhiteElo "1770"]
[BlackElo "1681"]

1. b3 d6 2. Bb2 Nd7 3. e4 Nb6 4. d3 Be6 5. Nf3 f6 6. Nd4 Bf7 7. Be2 Qd7 8. O-O
h5 9. Nd2 O-O-O 10. Nc4 g6 11. Nxb6+ axb6 12. a4 d5 13. a5 dxe4 14. axb6 c5 15.
Ra8# 1-0